Quản lý sức khỏe tôm trong ao nuôi
Sách được soạn để dùng cho hội thảo về quản lý dịch bệnh tôm nuôi được tổ chức ở viện nghiên cứu dịch bệnh thủy động vật. Trình bày tổng quát các phương thức và kỹ thuật đang được dùng trong nuôi tôm công nghiệp nhằm khắc phục sư...
Đã lưu trong:
| 格式: | 圖書 |
|---|---|
| 語言: | Undetermined |
| 出版: |
Cần Thơ
Trường Đại học Cần Thơ
1995
|
| 主題: | |
| 標簽: |
添加標簽
沒有標簽, 成為第一個標記此記錄!
|
| Thư viện lưu trữ: | Trung tâm Học liệu Trường Đại học Cần Thơ |
|---|
| LEADER | 01022nam a2200181Ia 4500 | ||
|---|---|---|---|
| 001 | CTU_161134 | ||
| 008 | 210402s9999 xx 000 0 und d | ||
| 082 | |a 639.6 | ||
| 082 | |b Qu105 | ||
| 245 | 0 | |a Quản lý sức khỏe tôm trong ao nuôi | |
| 245 | 0 | |c P. Chanratchakool ... [et al.] | |
| 260 | |a Cần Thơ | ||
| 260 | |b Trường Đại học Cần Thơ | ||
| 260 | |c 1995 | ||
| 520 | |a Sách được soạn để dùng cho hội thảo về quản lý dịch bệnh tôm nuôi được tổ chức ở viện nghiên cứu dịch bệnh thủy động vật. Trình bày tổng quát các phương thức và kỹ thuật đang được dùng trong nuôi tôm công nghiệp nhằm khắc phục sự sút giảm nghiêm trọng về sản lượng tôm nuôi ở nhiều nơi trong vùng Đông Nam Á. | ||
| 650 | |a Fish culture,Shrims | ||
| 904 | |i Giang | ||
| 980 | |a Trung tâm Học liệu Trường Đại học Cần Thơ | ||